| 000 | 00748nam a2200229Ia 4500 | ||
|---|---|---|---|
| 005 | 20231108102934.0 | ||
| 008 | 131103s9999 xx 000 0 und d | ||
| 020 |
_a81-7829-149-5(India-Pb) _cRs. 395 |
||
| 040 | _aLoreto College | ||
| 041 | _aEnglish | ||
| 082 |
_a320.954 _bTAN |
||
| 245 |
_aDoes civil society matter ? _b governances in contemporary India _cedited by Rajesh Tandan [and] Ranjita Mohanty |
||
| 260 |
_aNew Delhi _bSage Publications _c2003 |
||
| 300 | _a378 p. | ||
| 504 | _aIncludes bibliographical references and index | ||
| 630 | _aIndia - Politics and Government | ||
| 650 | _aPolitics - Civil Society - India - | ||
| 651 | _aPolitical Science - | ||
| 700 | _aTandan. Rajesh, ed. | ||
| 850 | _aLCLIB | ||
| 942 | _cBK | ||
| 999 |
_c1191 _d51670 |
||